| 000 | 01362nam0a2200325 4500 | ||
|---|---|---|---|
| 001 | RU\NLR\BIBL_A\022789758 | ||
| 005 | 20260426073755.0 | ||
| 035 | _a(NLR Aleph) 022789758 | ||
| 090 |
_a13695707 _c13695707 |
||
| 100 | _a20260420d1928 u y0rusy50 ca | ||
| 101 | 0 | _arus | |
| 102 | _aRU | ||
| 105 | _ay z 000ay | ||
| 181 | 0 |
_ai _b xxe |
|
| 182 | 0 | _an | |
| 200 | 1 |
_aБлёф _eподдельный роман _fРис Уильки Ли _g[предисловие: Алексей Толстой] |
|
| 203 |
_aТекст _bвизуальный _cнепосредственный |
||
| 210 |
_aЛенинград [Санкт-Петербург] _cБиблиотека всемирной литературы _d1928 |
||
| 215 |
_a175, [1] с. _d16 |
||
| 300 | _aОбл. работы Л. С. Хажинского | ||
| 686 | 0 | _aШ6(2=Р)71-445 | |
| 700 | 1 |
_aЛипатов _bБ. В. _f1905-1954 _gБорис Викторович |
|
| 702 | 1 |
_4080 _7ca _8rus _aТолстой _bА. Н. _f1883-1945 _gАлексей Николаевич _9111146 _3RU\NLR\AUTH\771113 |
|
| 702 | 1 |
_aХажинский _bЛ. С. _4140 |
|
| 852 |
_aNLR _j49/880 |
||
| 942 | _cBOOK | ||
| 980 | _aNB | ||